000 00726nam a2200205Ia 4500
001 8091
003 GE_BSU
008 181216s||||||||xx |||||||||||||| ||und||
040 _cGE_BSU
080 _a621.316.001
100 _aКрупович,В.И. Ермилов,А.А. Трунковский,Л.Е.
245 _aПроектирование и монтаж промышленных электрических сетей.
245 _cРед. В.Д.Никельберг.
260 _aМ.
260 _bЭнергия.
260 _c1971.
300 _a504стр.22см.с илл.
653 _aПроектирование и монтаж промышленных электрических сетей.
942 _cBK
999 _c41429
_d41429